000
00346 a2200169 4500
001
186302
020
_a
85-262-5848-6
040
_c
Magnum
100
_a
Rodrigues, Sonia
240
1
0
_a
Medéia
_l
por
245
1
0
_a
Medéia
300
_a
48
362
0
_a
2005
440
1
_a
Scipione
697
_a
LITERATURA JUVENIL ESTRANGEIRA
942
_c
BK
999
_c
186302
_d
186302